Advances in biochemistry/ (Record no. 5681)
[ view plain ]
| 000 -LEADER | |
|---|---|
| fixed length control field | 00556nam a22001697a 4500 |
| 008 - FIXED-LENGTH DATA ELEMENTS--GENERAL INFORMATION | |
| fixed length control field | 161116b xxu||||| |||| 00| 0 eng d |
| 020 ## - INTERNATIONAL STANDARD BOOK NUMBER | |
| International Standard Book Number | 978-1-63239-037-0 |
| 082 ## - DEWEY DECIMAL CLASSIFICATION NUMBER | |
| Edition number | 2015 |
| Classification number | DC 572 |
| Item number | Ad95 |
| 245 ## - TITLE STATEMENT | |
| Title | Advances in biochemistry/ |
| Statement of responsibility, etc. | edited by Oliver Stone. |
| 260 ## - PUBLICATION, DISTRIBUTION, ETC. (IMPRINT) | |
| Place of publication, distribution, etc. | New York: |
| Name of publisher, distributor, etc. | Callisto Reference, |
| Date of publication, distribution, etc. | c2015. |
| 300 ## - PHYSICAL DESCRIPTION | |
| Extent | vi, 232 pages: |
| Other physical details | illustrations (some colored) ; |
| Dimensions | 24 cm. |
| 500 ## - GENERAL NOTE | |
| General note | Includes bibliographical references. |
| 650 #0 - SUBJECT ADDED ENTRY--TOPICAL TERM | |
| 9 (RLIN) | 17429 |
| Topical term or geographic name as entry element | Biochemistry |
| 700 ## - ADDED ENTRY--PERSONAL NAME | |
| 9 (RLIN) | 17502 |
| Personal name | Stone, Oliver |
| Relator term | editor |
| 365 ## - TRADE PRICE | |
| Price amount | 5,692.00 |
| Currency code | Php |
| 942 ## - ADDED ENTRY ELEMENTS (KOHA) | |
| Source of classification or shelving scheme | Dewey Decimal Classification |
| Koha item type | Circulation |
| Withdrawn status | Lost status | Source of classification or shelving scheme | Damaged status | Not for loan | Collection code | Home library | Current library | Date acquired | Source of acquisition | Total Checkouts | Full call number | Barcode | Date last seen | Copy number | Cost, replacement price | Price effective from | Koha item type |
|---|---|---|---|---|---|---|---|---|---|---|---|---|---|---|---|---|---|
| Dewey Decimal Classification | Circulation | UM Digos College - LIC | UM Digos College - LIC | 10/27/2016 | Purchased | DC 572 Ad95 2015 | 24411 | 05/15/2025 | 1 | 5692.00 | 11/16/2016 | Circulation |
